<?xml version="1.0" encoding="UTF-8"?>
<record
    xmlns:xsi="http://www.w3.org/2001/XMLSchema-instance"
    xsi:schemaLocation="http://www.loc.gov/MARC21/slim http://www.loc.gov/standards/marcxml/schema/MARC21slim.xsd"
    xmlns="http://www.loc.gov/MARC21/slim">

  <leader>02421nam0a22003971  4500</leader>
  <controlfield tag="001">v19\rc\1803997</controlfield>
  <controlfield tag="005">20260406094252.0</controlfield>
  <datafield tag="035" ind1=" " ind2=" ">
    <subfield code="a">(NLR Aleph) 005255545</subfield>
  </datafield>
  <datafield tag="090" ind1=" " ind2=" ">
    <subfield code="a">5847961</subfield>
    <subfield code="c">5847961</subfield>
  </datafield>
  <datafield tag="100" ind1=" " ind2=" ">
    <subfield code="a">20071224d1906    u  y0rusy50      ca</subfield>
  </datafield>
  <datafield tag="101" ind1="0" ind2=" ">
    <subfield code="a">rus</subfield>
  </datafield>
  <datafield tag="102" ind1=" " ind2=" ">
    <subfield code="a">RU</subfield>
  </datafield>
  <datafield tag="105" ind1=" " ind2=" ">
    <subfield code="a">c   z   ||||b</subfield>
  </datafield>
  <datafield tag="200" ind1="1" ind2=" ">
    <subfield code="a">&#x418;&#x43D;&#x43E;&#x441;&#x442;&#x440;&#x430;&#x43D;&#x43D;&#x44B;&#x435; &#x43D;&#x430;&#x440;&#x43E;&#x434;&#x43D;&#x44B;&#x435; &#x43F;&#x43E;&#x44D;&#x442;&#x44B; &#x432; &#x431;&#x438;&#x43E;&#x433;&#x440;&#x430;&#x444;&#x438;&#x44F;&#x445; &#x438; &#x43E;&#x431;&#x440;&#x430;&#x437;&#x446;&#x430;&#x445;</subfield>
    <subfield code="e">&#x420;. &#x411;&#x43E;&#x440;&#x43D;&#x441;, &#x41F;. &#x411;&#x435;&#x440;&#x430;&#x43D;&#x436;&#x435;, &#x410;. &#x41F;&#x435;&#x442;&#x435;&#x444;&#x438;, &#x410;. &#x41D;&#x435;&#x433;&#x440;&#x438;, &#x41C;. &#x41A;&#x43E;&#x43D;&#x43E;&#x43F;&#x43D;&#x438;&#x446;&#x43A;&#x430;&#x44F;, &#x418;. &#x410;&#x43C;&#x431;&#x440;&#x43E;&#x437;&#x438;&#x443;&#x441;</subfield>
    <subfield code="f">&#x41F;&#x43E;&#x434; &#x440;&#x435;&#x434;. &#x418;.&#x410;. &#x411;&#x435;&#x43B;&#x43E;&#x443;&#x441;&#x43E;&#x432;&#x430;</subfield>
  </datafield>
  <datafield tag="210" ind1=" " ind2=" ">
    <subfield code="a">&#x41C;&#x43E;&#x441;&#x43A;&#x432;&#x430;</subfield>
    <subfield code="c">&#x424;.&#x414;. &#x41F;&#x43E;&#x441;&#x442;&#x43D;&#x438;&#x43A;&#x43E;&#x432;</subfield>
    <subfield code="d">1906</subfield>
    <subfield code="g">&#x442;&#x438;&#x43F;&#x43E;-&#x43B;&#x438;&#x442;. &#x41F;.&#x41A;. &#x41F;&#x440;&#x44F;&#x43D;&#x438;&#x448;&#x43D;&#x438;&#x43A;&#x43E;&#x432;&#x430;</subfield>
  </datafield>
  <datafield tag="215" ind1=" " ind2=" ">
    <subfield code="a">52 &#x441;.</subfield>
    <subfield code="c">&#x43F;&#x43E;&#x440;&#x442;&#x440;.</subfield>
    <subfield code="d">24</subfield>
  </datafield>
  <datafield tag="311" ind1=" " ind2=" ">
    <subfield code="a">&#x411;&#x435;&#x441;&#x43F;&#x43B;. &#x43F;&#x440;&#x438;&#x43B;. &#x43A; &#x436;&#x443;&#x440;&#x43D;. "&#x414;&#x435;&#x442;. &#x434;&#x440;&#x443;&#x433;"</subfield>
  </datafield>
  <datafield tag="316" ind1=" " ind2=" ">
    <subfield code="a">&#x42D;&#x43A;&#x437;. &#x420;&#x41D;&#x411; (19.59.6.20): &#x43F;&#x440;&#x438;&#x43F;&#x43B;&#x435;&#x442;&#x435;&#x43D; &#x43A;: &#x42D;&#x440;&#x43A;&#x43C;&#x430;&#x43D;-&#x428;&#x430;&#x442;&#x440;&#x438;&#x430;&#x43D;. &#x420;&#x435;&#x439;&#x43D;&#x441;&#x43A;&#x438;&#x435; &#x440;&#x430;&#x441;&#x441;&#x43A;&#x430;&#x437;&#x44B;. &#x41C;., 1906</subfield>
    <subfield code="5">NLR: 19.59.6.20</subfield>
  </datafield>
  <datafield tag="422" ind1=" " ind2="0">
    <subfield code="1">2001#$a&#x414;&#x435;&#x442;&#x441;&#x43A;&#x438;&#x439; &#x434;&#x440;&#x443;&#x433;</subfield>
    <subfield code="t">&#x414;&#x435;&#x442;&#x441;&#x43A;&#x438;&#x439; &#x434;&#x440;&#x443;&#x433;</subfield>
  </datafield>
  <datafield tag="482" ind1=" " ind2="0">
    <subfield code="1">2001#$a&#x420;&#x435;&#x439;&#x43D;&#x441;&#x43A;&#x438;&#x435; &#x440;&#x430;&#x441;&#x441;&#x43A;&#x430;&#x437;&#x44B;</subfield>
    <subfield code="1">210##$a&#x41C;&#x43E;&#x441;&#x43A;&#x432;&#x430;$d1906</subfield>
    <subfield code="1">700#1$3RU\NLR\AUTH\7717144$7ca$a&#x42D;&#x440;&#x43A;&#x43C;&#x430;&#x43D;$b&#x42D;.$f1822-1899$g&#x42D;&#x43C;&#x438;&#x43B;&#x44C;</subfield>
    <subfield code="1">701#1$3RU\NLR\AUTH\7717145$7ca$a&#x428;&#x430;&#x442;&#x440;&#x438;&#x430;&#x43D;$b&#x410;.$f1826-1890$g&#x410;&#x43B;&#x435;&#x43A;&#x441;&#x430;&#x43D;&#x434;&#x440;</subfield>
    <subfield code="t">&#x420;&#x435;&#x439;&#x43D;&#x441;&#x43A;&#x438;&#x435; &#x440;&#x430;&#x441;&#x441;&#x43A;&#x430;&#x437;&#x44B;</subfield>
    <subfield code="a">&#x42D;&#x440;&#x43A;&#x43C;&#x430;&#x43D;, &#x42D;&#x43C;&#x438;&#x43B;&#x44C; (1822-1899)</subfield>
  </datafield>
  <datafield tag="702" ind1=" " ind2="1">
    <subfield code="4">570</subfield>
    <subfield code="8">rus</subfield>
    <subfield code="7">ca</subfield>
    <subfield code="a">&#x411;&#x435;&#x440;&#x43D;&#x441;</subfield>
    <subfield code="b">&#x420;.</subfield>
    <subfield code="c">&#x43F;&#x43E;&#x44D;&#x442;</subfield>
    <subfield code="g">&#x420;&#x43E;&#x431;&#x435;&#x440;&#x442;</subfield>
    <subfield code="f">1759-1796</subfield>
    <subfield code="3">RU\NLR\auth\7725988</subfield>
    <subfield code="9">9033</subfield>
  </datafield>
  <datafield tag="702" ind1=" " ind2="1">
    <subfield code="4">570</subfield>
    <subfield code="8">rus</subfield>
    <subfield code="7">ca</subfield>
    <subfield code="a">&#x411;&#x435;&#x440;&#x430;&#x43D;&#x436;&#x435;</subfield>
    <subfield code="b">&#x41F;.-&#x416;.</subfield>
    <subfield code="f">1780-1857</subfield>
    <subfield code="g">&#x41F;&#x44C;&#x435;&#x440;-&#x416;&#x430;&#x43D;</subfield>
    <subfield code="3">RU\NLR\auth\7729697</subfield>
    <subfield code="9">12725</subfield>
  </datafield>
  <datafield tag="702" ind1=" " ind2="1">
    <subfield code="4">570</subfield>
    <subfield code="8">rus</subfield>
    <subfield code="7">ca</subfield>
    <subfield code="a">&#x41F;&#x435;&#x442;&#x435;&#x444;&#x438;</subfield>
    <subfield code="b">&#x428;.</subfield>
    <subfield code="g">&#x428;&#x430;&#x43D;&#x434;&#x43E;&#x440;</subfield>
    <subfield code="f">1823-1849</subfield>
    <subfield code="3">RU\NLR\AUTH\7749433</subfield>
    <subfield code="9">32368</subfield>
  </datafield>
  <datafield tag="702" ind1=" " ind2="1">
    <subfield code="4">570</subfield>
    <subfield code="8">rus</subfield>
    <subfield code="7">ca</subfield>
    <subfield code="a">&#x41A;&#x43E;&#x43D;&#x43E;&#x43F;&#x43D;&#x438;&#x446;&#x43A;&#x430;&#x44F;</subfield>
    <subfield code="b">&#x41C;.</subfield>
    <subfield code="f">1842-1910</subfield>
    <subfield code="g">&#x41C;&#x430;&#x440;&#x438;&#x44F;</subfield>
    <subfield code="3">RU\NLR\auth\7745464</subfield>
    <subfield code="9">28402</subfield>
  </datafield>
  <datafield tag="702" ind1=" " ind2="1">
    <subfield code="4">570</subfield>
    <subfield code="8">rus</subfield>
    <subfield code="7">ca</subfield>
    <subfield code="a">&#x410;&#x43C;&#x431;&#x440;&#x43E;&#x437;&#x438;&#x443;&#x441;</subfield>
    <subfield code="b">&#x418;.</subfield>
    <subfield code="f">1854-1939</subfield>
    <subfield code="g">&#x418;&#x43E;&#x430;&#x43D;&#x43D;&#x430;</subfield>
    <subfield code="3">RU\NLR\AUTH\7762844</subfield>
    <subfield code="9">45774</subfield>
  </datafield>
  <datafield tag="702" ind1=" " ind2="1">
    <subfield code="4">340</subfield>
    <subfield code="8">rus</subfield>
    <subfield code="7">ca</subfield>
    <subfield code="a">&#x411;&#x435;&#x43B;&#x43E;&#x443;&#x441;&#x43E;&#x432;</subfield>
    <subfield code="b">&#x418;. &#x410;.</subfield>
    <subfield code="c">&#x43F;&#x438;&#x441;&#x430;&#x442;&#x435;&#x43B;&#x44C;, &#x43F;&#x43E;&#x44D;&#x442;</subfield>
    <subfield code="f">1863-1930</subfield>
    <subfield code="g">&#x418;&#x432;&#x430;&#x43D; &#x410;&#x43B;&#x435;&#x43A;&#x441;&#x435;&#x435;&#x432;&#x438;&#x447;</subfield>
    <subfield code="3">RU\NLR\AUTH\7768575</subfield>
    <subfield code="9">51503</subfield>
  </datafield>
  <datafield tag="702" ind1=" " ind2="1">
    <subfield code="4">570</subfield>
    <subfield code="7">ca</subfield>
    <subfield code="8">rus</subfield>
    <subfield code="a">&#x41D;&#x435;&#x433;&#x440;&#x438;</subfield>
    <subfield code="b">&#x410;.</subfield>
    <subfield code="f">1870-1945</subfield>
    <subfield code="g">&#x410;&#x434;&#x430;</subfield>
    <subfield code="3">RU\NLR\AUTH\770286606</subfield>
    <subfield code="9">2685821</subfield>
  </datafield>
  <datafield tag="801" ind1=" " ind2="0">
    <subfield code="a">RU</subfield>
    <subfield code="b">NLR</subfield>
    <subfield code="c">20071224</subfield>
    <subfield code="g">psbo</subfield>
  </datafield>
  <datafield tag="801" ind1=" " ind2="0">
    <subfield code="a">RU</subfield>
    <subfield code="b">RuMoRGB</subfield>
    <subfield code="c">20071224</subfield>
    <subfield code="2">psbo</subfield>
  </datafield>
  <datafield tag="801" ind1=" " ind2="1">
    <subfield code="a">RU</subfield>
    <subfield code="b">ProSoft-M</subfield>
    <subfield code="c">20071224</subfield>
    <subfield code="2">rusmarc</subfield>
  </datafield>
  <datafield tag="801" ind1=" " ind2="2">
    <subfield code="a">RU</subfield>
    <subfield code="b">NLR</subfield>
    <subfield code="c">20080326</subfield>
    <subfield code="2">rusmarc</subfield>
  </datafield>
  <datafield tag="852" ind1=" " ind2=" ">
    <subfield code="a">NLR</subfield>
    <subfield code="j">34.84.5.46</subfield>
  </datafield>
  <datafield tag="852" ind1=" " ind2=" ">
    <subfield code="a">NLR</subfield>
    <subfield code="j">19.59.6.20(&#x430;&#x43B;&#x43B;. 3)</subfield>
  </datafield>
  <datafield tag="942" ind1=" " ind2=" ">
    <subfield code="c">BOOK</subfield>
  </datafield>
  <datafield tag="980" ind1=" " ind2=" ">
    <subfield code="a">NB</subfield>
  </datafield>
  <datafield tag="995" ind1=" " ind2=" ">
    <subfield code="5">2013-10-26</subfield>
    <subfield code="b">NLR02</subfield>
    <subfield code="c">NLR02</subfield>
    <subfield code="e">RFS</subfield>
    <subfield code="f">5255545-10</subfield>
    <subfield code="k">34.84.5.46</subfield>
    <subfield code="o">0</subfield>
    <subfield code="r">BOOK</subfield>
    <subfield code="s">3484546_</subfield>
  </datafield>
  <datafield tag="995" ind1=" " ind2=" ">
    <subfield code="5">2013-10-26</subfield>
    <subfield code="b">NLR02</subfield>
    <subfield code="c">NLR02</subfield>
    <subfield code="e">RFS</subfield>
    <subfield code="f">5255545-20</subfield>
    <subfield code="k">19.59.6.20(&#x430;&#x43B;&#x43B;. 3)</subfield>
    <subfield code="o">0</subfield>
    <subfield code="r">BOOK</subfield>
    <subfield code="s">1959620_3</subfield>
  </datafield>
</record>
